00380nam a2200133 a 450000100100000000500170001000800410002704000250006808200150009310000230010824500390013126000480017030000280021800003636120200930075705.0120113s1967 sp a 000 0 spa d aDO-SdBNPbspacBNPHU axxxbV483a1 aVerdaguer, Jacinto13aLa Atlantida /cJacinto Verdaguer. aBilbao, España :bVasco Americana,c1967. a123 p. :bil. ;c25 cm.